<?xml version="1.0" encoding="UTF-8"?>
<record
    xmlns:xsi="http://www.w3.org/2001/XMLSchema-instance"
    xsi:schemaLocation="http://www.loc.gov/MARC21/slim http://www.loc.gov/standards/marcxml/schema/MARC21slim.xsd"
    xmlns="http://www.loc.gov/MARC21/slim">

  <leader>02139nam a2200361 i 4500</leader>
  <controlfield tag="001">000021808</controlfield>
  <controlfield tag="003">DO-SdBNP</controlfield>
  <controlfield tag="005">20260601121226.0</controlfield>
  <controlfield tag="007">ta</controlfield>
  <controlfield tag="008">100913s2000    dr            001 0 spa d</controlfield>
  <datafield tag="020" ind1=" " ind2=" ">
    <subfield code="a">9993442003 (v.1)</subfield>
  </datafield>
  <datafield tag="020" ind1=" " ind2=" ">
    <subfield code="a">9993442011 (v.2)</subfield>
  </datafield>
  <datafield tag="040" ind1=" " ind2=" ">
    <subfield code="a">DO-SdBNP</subfield>
    <subfield code="b">spa</subfield>
    <subfield code="c">BNPHU</subfield>
    <subfield code="e">rda</subfield>
  </datafield>
  <datafield tag="041" ind1=" " ind2=" ">
    <subfield code="a">spa</subfield>
  </datafield>
  <datafield tag="082" ind1=" " ind2="4">
    <subfield code="a">923.27293</subfield>
    <subfield code="b">B742P</subfield>
    <subfield code="2">22</subfield>
  </datafield>
  <datafield tag="100" ind1=" " ind2=" ">
    <subfield code="a">Pi&#xF1;a-Contreras, Guillermo,</subfield>
    <subfield code="d">1952-</subfield>
    <subfield code="e">autor</subfield>
    <subfield code="4">aut.</subfield>
    <subfield code="9">315</subfield>
  </datafield>
  <datafield tag="245" ind1="1" ind2="0">
    <subfield code="a">Juan Bosch :</subfield>
    <subfield code="b">imagen, trayectoria y escritura /</subfield>
    <subfield code="c">Guillermo Pi&#xF1;a Contreras ; coordinaci&#xF3;n editorial, Jos&#xE9; Chez Checo</subfield>
  </datafield>
  <datafield tag="264" ind1=" " ind2="4">
    <subfield code="a">Santo Domingo :</subfield>
    <subfield code="b">Comisi&#xF3;n Permanente de la Feria del Libro,</subfield>
    <subfield code="c">&#xA9;2000.</subfield>
  </datafield>
  <datafield tag="300" ind1=" " ind2=" ">
    <subfield code="a">2 volumenes :</subfield>
    <subfield code="b">ilustraciones, fotos ;</subfield>
    <subfield code="c">31 cm.</subfield>
  </datafield>
  <datafield tag="336" ind1=" " ind2=" ">
    <subfield code="a">texto</subfield>
    <subfield code="b">txt</subfield>
    <subfield code="2">rdacontent</subfield>
  </datafield>
  <datafield tag="337" ind1=" " ind2=" ">
    <subfield code="a">sin mediaci&#xF3;n</subfield>
    <subfield code="b">n</subfield>
    <subfield code="2">rdamedia</subfield>
  </datafield>
  <datafield tag="338" ind1=" " ind2=" ">
    <subfield code="a">volumen</subfield>
    <subfield code="b">n</subfield>
    <subfield code="2">rdacarrier</subfield>
  </datafield>
  <datafield tag="490" ind1="0" ind2=" ">
    <subfield code="a">Escritura y bibliograf&#xED;a</subfield>
    <subfield code="v">2</subfield>
  </datafield>
  <datafield tag="500" ind1=" " ind2=" ">
    <subfield code="a">Incluye datos biogr&#xE1;ficos del autor en la solapa de la contracubierta</subfield>
  </datafield>
  <datafield tag="500" ind1=" " ind2=" ">
    <subfield code="a">Incluiye &#xED;ndices</subfield>
  </datafield>
  <datafield tag="505" ind1="0" ind2=" ">
    <subfield code="a">v.1 --</subfield>
    <subfield code="t"> Infancia y adolescencia en la formaci&#xF3;n de un escritor (1909-1930) -- </subfield>
    <subfield code="t">Santo Domingo: un escritor bajo la dictadura (1930-1938) --</subfield>
    <subfield code="t"> Exilio, creaci&#xF3;n literaria y actividad pol&#xED;tica (1938-1950) -- </subfield>
    <subfield code="t">De un exilio al otro: Cuba, Costa Rica, Bolivia, Chile y Venezuela (1950-1961) --</subfield>
    <subfield code="t">Del exilio a la presidencia, de la presidencia al exilio (1961-1966) -- </subfield>
    <subfield code="t">A&#xF1;os de reflexi&#xF3;n pol&#xED;tico-ideol&#xF3;gica (1966-1973) -- </subfield>
    <subfield code="t">Partido de la Liberaci&#xF3;n Dominicana : nueva concepci&#xF3;n pol&#xED;tica de Juan Bosch (1973-1996) --</subfield>
    <subfield code="t"> Juan Bosch: el camino de la historia. Homenajes y reconocimientos -- </subfield>
    <subfield code="t">&#xCD;ndices--</subfield>
    <subfield code="g">v.2--</subfield>
    <subfield code="t">Introducci&#xF3;n--</subfield>
    <subfield code="t">Obras de Juan Bosch--</subfield>
    <subfield code="t">Publicaciones en &#xF3;rganos pol&#xED;ticos, discursos y charlas radiales--</subfield>
    <subfield code="t">Otras publicaciones--</subfield>
    <subfield code="t">Entrevistas--</subfield>
    <subfield code="t">Filmograf&#xED;a y discograf&#xED;a--</subfield>
    <subfield code="t">Juan Bosch: biograf&#xED;a pasiva--</subfield>
    <subfield code="t">&#xCD;ndices.</subfield>
  </datafield>
  <datafield tag="590" ind1=" " ind2=" ">
    <subfield code="a">Inventariado, 2026/BT</subfield>
  </datafield>
  <datafield tag="600" ind1="1" ind2="0">
    <subfield code="a"> Bosch, Juan, </subfield>
    <subfield code="d">1909-2001</subfield>
    <subfield code="9">76555</subfield>
  </datafield>
  <datafield tag="651" ind1=" " ind2="4">
    <subfield code="a">Rep&#xFA;blica Dominicana</subfield>
    <subfield code="x">Bibliograf&#xED;as</subfield>
    <subfield code="9">29836</subfield>
  </datafield>
  <datafield tag="700" ind1="1" ind2=" ">
    <subfield code="a">Chez Checo, Jos&#xE9;,</subfield>
    <subfield code="e">coordinador</subfield>
    <subfield code="4">coord.</subfield>
    <subfield code="9">80381</subfield>
  </datafield>
  <datafield tag="910" ind1=" " ind2=" ">
    <subfield code="a">Validado. Control de calidad MFF</subfield>
  </datafield>
  <datafield tag="942" ind1=" " ind2=" ">
    <subfield code="2">ddc</subfield>
    <subfield code="c">LBS1</subfield>
  </datafield>
  <datafield tag="952" ind1=" " ind2=" ">
    <subfield code="0">0</subfield>
    <subfield code="1">0</subfield>
    <subfield code="2">ddc</subfield>
    <subfield code="5">1</subfield>
    <subfield code="7">0</subfield>
    <subfield code="8">PD</subfield>
    <subfield code="a">BNPHU</subfield>
    <subfield code="b">BNPHU</subfield>
    <subfield code="c">HD</subfield>
    <subfield code="d">2015-07-16</subfield>
    <subfield code="e">Donado por Maritza Rossi</subfield>
    <subfield code="l">0</subfield>
    <subfield code="o">BNPHU PD 923.27293 B742P</subfield>
    <subfield code="p">21808-50</subfield>
    <subfield code="r">2020-06-25</subfield>
    <subfield code="t">v.2</subfield>
    <subfield code="w">2020-06-25</subfield>
    <subfield code="y">LBS1</subfield>
    <subfield code="Z">Pr&#xE9;stamo en sala</subfield>
  </datafield>
  <datafield tag="952" ind1=" " ind2=" ">
    <subfield code="0">0</subfield>
    <subfield code="1">0</subfield>
    <subfield code="2">ddc</subfield>
    <subfield code="5">1</subfield>
    <subfield code="7">0</subfield>
    <subfield code="8">PD</subfield>
    <subfield code="a">BNPHU</subfield>
    <subfield code="b">BNPHU</subfield>
    <subfield code="c">HD</subfield>
    <subfield code="d">2010-09-13</subfield>
    <subfield code="l">0</subfield>
    <subfield code="o">BNPHU PD 923.27293 B742P</subfield>
    <subfield code="p">21808-10</subfield>
    <subfield code="r">2020-06-25</subfield>
    <subfield code="t">v.1</subfield>
    <subfield code="w">2020-06-25</subfield>
    <subfield code="y">LBS1</subfield>
    <subfield code="Z">No se presta</subfield>
  </datafield>
  <datafield tag="952" ind1=" " ind2=" ">
    <subfield code="0">0</subfield>
    <subfield code="1">0</subfield>
    <subfield code="2">ddc</subfield>
    <subfield code="5">1</subfield>
    <subfield code="7">0</subfield>
    <subfield code="8">PD</subfield>
    <subfield code="a">BNPHU</subfield>
    <subfield code="b">BNPHU</subfield>
    <subfield code="c">HD</subfield>
    <subfield code="d">2010-09-15</subfield>
    <subfield code="e">Donado por Maritza Rossi</subfield>
    <subfield code="l">0</subfield>
    <subfield code="o"> BNPHU PD 923.27293 B742P</subfield>
    <subfield code="p">21808-20</subfield>
    <subfield code="r">2020-06-25</subfield>
    <subfield code="t">v.1, e.2</subfield>
    <subfield code="w">2020-06-25</subfield>
    <subfield code="y">LBS1</subfield>
    <subfield code="Z">No se presta</subfield>
  </datafield>
  <datafield tag="952" ind1=" " ind2=" ">
    <subfield code="0">0</subfield>
    <subfield code="1">0</subfield>
    <subfield code="2">ddc</subfield>
    <subfield code="5">6</subfield>
    <subfield code="7">0</subfield>
    <subfield code="8">DS</subfield>
    <subfield code="a">BNPHU</subfield>
    <subfield code="b">BNPHU</subfield>
    <subfield code="c">HD</subfield>
    <subfield code="d">2013-09-16</subfield>
    <subfield code="l">0</subfield>
    <subfield code="o"> BNPHU DS 923.27293 B742P</subfield>
    <subfield code="p">21808-30</subfield>
    <subfield code="r">2020-06-25</subfield>
    <subfield code="t">v.1, e.3</subfield>
    <subfield code="w">2020-06-25</subfield>
    <subfield code="y">LBS1</subfield>
    <subfield code="Z">No se presta</subfield>
  </datafield>
  <datafield tag="952" ind1=" " ind2=" ">
    <subfield code="0">0</subfield>
    <subfield code="1">0</subfield>
    <subfield code="2">ddc</subfield>
    <subfield code="5">6</subfield>
    <subfield code="7">0</subfield>
    <subfield code="8">DS</subfield>
    <subfield code="a">BNPHU</subfield>
    <subfield code="b">BNPHU</subfield>
    <subfield code="c">HD</subfield>
    <subfield code="d">2013-09-16</subfield>
    <subfield code="e">Donaci&#xF3;n</subfield>
    <subfield code="l">0</subfield>
    <subfield code="o"> BNPHU DS 923.27293 B742P</subfield>
    <subfield code="p">21808-40</subfield>
    <subfield code="r">2020-06-25</subfield>
    <subfield code="t">v.1, e.4</subfield>
    <subfield code="w">2020-06-25</subfield>
    <subfield code="y">LBS1</subfield>
    <subfield code="z">Perteneci&#xF3; a la biblioteca personal de B&#xE1;rbara Suncar.</subfield>
    <subfield code="Z">No se presta</subfield>
  </datafield>
  <datafield tag="952" ind1=" " ind2=" ">
    <subfield code="0">0</subfield>
    <subfield code="1">0</subfield>
    <subfield code="2">ddc</subfield>
    <subfield code="5">1</subfield>
    <subfield code="7">0</subfield>
    <subfield code="8">PD</subfield>
    <subfield code="a">BNPHU</subfield>
    <subfield code="b">BNPHU</subfield>
    <subfield code="c">HD</subfield>
    <subfield code="d">2026-04-30</subfield>
    <subfield code="l">0</subfield>
    <subfield code="o">BNPHU PD 923.27293 B742P</subfield>
    <subfield code="p">2026-3484</subfield>
    <subfield code="r">2026-04-30</subfield>
    <subfield code="t">v.2, e.2</subfield>
    <subfield code="w">2026-04-30</subfield>
    <subfield code="y">LBS1</subfield>
  </datafield>
  <datafield tag="952" ind1=" " ind2=" ">
    <subfield code="0">0</subfield>
    <subfield code="1">0</subfield>
    <subfield code="2">ddc</subfield>
    <subfield code="5">6</subfield>
    <subfield code="7">0</subfield>
    <subfield code="8">DS</subfield>
    <subfield code="a">BNPHU</subfield>
    <subfield code="b">BNPHU</subfield>
    <subfield code="c">HD</subfield>
    <subfield code="d">2026-04-30</subfield>
    <subfield code="e">Donado por Isaolym Mieses</subfield>
    <subfield code="l">0</subfield>
    <subfield code="o">BNPHU DS 923.27293 B742P</subfield>
    <subfield code="p">2026-3485</subfield>
    <subfield code="r">2026-04-30</subfield>
    <subfield code="t">v.2, e.3</subfield>
    <subfield code="w">2026-04-30</subfield>
    <subfield code="y">LBS1</subfield>
  </datafield>
  <datafield tag="999" ind1=" " ind2=" ">
    <subfield code="c">21306</subfield>
    <subfield code="d">21306</subfield>
  </datafield>
</record>
